Gog: a novel.

Guardat en:
Dades bibliogràfiques
Autor principal: Sinclair, Andrew, 1935-
Format: Llibre
Idioma:English
Publicat: London, Weidenfeld & Nicolson [1967]
LEADER 00747nam a2200217 4500
001 c000062454
003 CARM
005 00000000000000.0
008 731001s1967 enk 00001 eng
015 |a B67-11700 
019 1 |a 686830  |z 10829552  |z 56492626  |5 LACONCORD2021 
035 |a (OCoLC)956547  |5 LACONCORD2021 
050 0 0 |a PZ4.S615  |b Go 
082 0 4 |a 959.7 
100 1 |a Sinclair, Andrew,  |d 1935- 
245 1 0 |a Gog:  |b a novel. 
260 |a London,  |b Weidenfeld & Nicolson  |c [1967] 
300 |a 486 p.  |c 20 1/2 cm. 
852 8 |b CARM  |h A2:AN23F0  |i A00627  |p 0097433  |f BK 
999 f f |i a29f897d-810e-5732-85ed-bde1e1dbd27d  |s 6be7c3ed-5952-5d24-be10-cf66fbafbc46 
952 f f |p Can circulate  |a CAVAL  |b CAVAL  |c CAVAL  |d CARM 1 Store  |e A00627  |f A2:AN23F0  |h Other scheme  |i book  |m 0097433